Differential equations with boundary value problems (Record no. 570652)

000 -LEADER
fixed length control field 00484nam a22001697a 4500
003 - CONTROL NUMBER IDENTIFIER
control field CEME
005 - DATE AND TIME OF LATEST TRANSACTION
control field 20210628202705.0
008 - FIXED-LENGTH DATA ELEMENTS--GENERAL INFORMATION
fixed length control field 210120b xxu||||| |||| 00| 0 eng d
040 ## - CATALOGING SOURCE
Transcribing agency ceme
082 ## - DEWEY DECIMAL CLASSIFICATION NUMBER
Classification number 515.35 ZIL
100 ## - MAIN ENTRY--PERSONAL NAME
Personal name Zill, Dennis .G ,Cullen, Michael .R
9 (RLIN) 61096
245 ## - TITLE STATEMENT
Title Differential equations with boundary value problems
260 ## - PUBLICATION, DISTRIBUTION, ETC.
Place of publication, distribution, etc. RAWALPINDI
Name of publisher, distributor, etc. NATIONAL BOOK FOUNDATION
Date of publication, distribution, etc. 2007
300 ## - PHYSICAL DESCRIPTION
Extent XV, 890 P
650 ## - SUBJECT ADDED ENTRY--TOPICAL TERM
Topical term or geographic name entry element DIFFERENTIAL EQUATIONS
9 (RLIN) 688
942 ## - ADDED ENTRY ELEMENTS (KOHA)
Koha item type Book
Source of classification or shelving scheme
Holdings
Withdrawn status Lost status Damaged status Not for loan Permanent Location Current Location Shelving location Date acquired Total Checkouts Full call number Barcode Date last seen Price effective from Koha item type Checked out Date last checked out
        College of Electrical & Mechanical Engineering (CEME) College of Electrical & Mechanical Engineering (CEME) General Stacks 07/20/2017 1 515.35 ZIL CEME-42397 06/28/2021 06/28/2021 Book    
        College of Electrical & Mechanical Engineering (CEME) College of Electrical & Mechanical Engineering (CEME) General Stacks 07/20/2017 2 515.35 ZIL CEME-42398 01/22/2026 06/28/2021 Book 02/21/2026 01/22/2026
© 2023 Central Library, National University of Sciences and Technology. All Rights Reserved.